Online
Catalog

Science is a sacred cow. (Record no. 36322)

MARC details
000 -CABECERA
campo de control de longitud fija 00695nam a2200181 a 4500
001 - NÚMERO DE CONTROL
campo de control 000036831
005 - FECHA Y HORA DE LA ÚLTIMA TRANSACCIÓN
campo de control 20200930075949.0
008 - DATOS DE LONGITUD FIJA--INFORMACIÓN GENERAL
campo de control de longitud fija 120201s1950 xx 000 0 spa d
040 ## - FUENTE DE LA CATALOGACIÓN
Centro catalogador/agencia de origen DO-SdBNP
Lengua de catalogación spa
Centro/agencia transcriptor BNPHU
041 17 - CÓDIGO DE LENGUA
Código de lengua del texto/banda sonora o título independiente spa
Código de lengua del sumario o resumen eng
082 ## - NÚMERO DE LA CLASIFICACIÓN DECIMAL DEWEY
Número de clasificación 501
Número de documento/Ítem S785s
100 1# - ENTRADA PRINCIPAL--NOMBRE DE PERSONA
Nombre de persona Standen, Anthony.
9 (RLIN) 63169
245 10 - MENCIÓN DE TÍTULO
Título Science is a sacred cow.
260 ## - PUBLICACIÓN, DISTRIBUCIÓN, ETC.
Lugar de publicación, distribución, etc. New York :
Nombre del editor, distribuidor, etc. E. P. Dutton,
Fecha de publicación, distribución, etc. 1950.
300 ## - DESCRIPCIÓN FÍSICA
Extensión 219 p. ;
Dimensiones 19 cm.
505 0# - NOTA DE CONTENIDO CON FORMATO
Nota de contenido con formato They say it's wonderful --
Título How they dish it out --
-- Science at its best -physics --
-- Biology, or know thyself --
-- The proper study -psychology --
-- The social animal --
-- True science -mathematics --
-- Watch those scientist
650 #4 - PUNTO DE ACCESO ADICIONAL DE MATERIA--TÉRMINO DE MATERIA
Término de materia o nombre geográfico como elemento de entrada Science
Subdivisión general Methodology.
9 (RLIN) 63170
Holdings
Estado de retiro Estado de pérdida Restricciones de uso No para préstamo Código de colección Localización permanente Ubicación/localización actual Ubicación en estantería Fecha de adquisición Número de inventario Total de préstamos Signatura topográfica completa Código de barras Fecha visto por última vez Precio válido a partir de Tipo de ítem Koha
      Excluido de préstamo Monografías: Libros y Folletos General General Depósito 01.02.2012 LF1   501 S785s 36831-10 25.06.2020 25.06.2020 No se presta

Powered by Koha